Szczegóły MARC21

Rezonujące drewno : opowiadania /

003 -Nazwa inst., której nr kontr. jest w polu 001 [,]
    • @
    • Nazwa instytucji, której n kontrolny jest w polu 001
    • NUKAT
005 -DATA I CZAS OSTATNIEJ MODYFIKACJI [,]
    • @
    • pole kontrolne
    • 20241231105123.0
020 -Międzynarod. znormalizowany nr książki - ISBN [ , ]
    • a
    • Numer ISBN
    • 9788374322898 Find
040 -Instytucja sporządzająca opis [ , ]
    • a
    • Instytucja, która sporządziła opis (NP)
    • WR U/kw
    • c
    • Instytucja, która sporządziła rekord (NP)
    • WR U/kw
    • d
    • Instytucja, która zmodyfikowała rekord (P)
    • WR U/dl
    • d
    • Instytucja, która zmodyfikowała rekord (P)
    • WR O/ISs
    • d
    • Instytucja, która zmodyfikowała rekord (P)
    • POZN U/MP
    • d
    • Instytucja, która zmodyfikowała rekord (P)
    • POZN U/JŁs
041 -Język dokumentu [1, ]
    • a
    • Język tekstu (P)
    • polski
    • h
    • Język tekstu oryginalnego i/lub pośredniego (P)
    • niemiecki
942 -Rodzaj dokumentu [ , ]
    • c
    • Rodzaj dokumentu
    • Książka
100 -Hasło główne - nazwa osobowa [1, ]
    • a
    • Nazwa osobowa (NP)
    • Müller, Armin
    • d
    • Daty biograficzne (NP)
    • (1928-2005).
    • 9
    • KHW
    • 412879
240 -Tytuł ujednolicony [1,0]
    • a
    • Tytuł ujednolicony
    • Klangholz
    • l
    • Język tekstu
    • (pol.)
    • 9
    • KHW
    • 483339
245 -Strefa tytułu i oznaczenia odpowiedzialności [1,0]
    • a
    • Tytuł
    • Rezonujące drewno : Find
    • b
    • Ciąg dalszy tytułu (NP)
    • opowiadania / Find
    • c
    • Pozostałe elementy strefy tytułu i oznaczenia odpowiedzialności (NP)
    • Armin Müller ; red. i posł. Grzegorz Kowal.
260 -Strefa adresu wydawniczego [ , ]
    • a
    • Miejsce wydania (P)
    • Wrocław :
    • b
    • Nazwa wydawcy (P)
    • Oficyna Wydawnicza "Atut" - Wrocławskie Wydawnictwo Oświatowe,
    • c
    • Data wydania (P)
    • 2007.
300 -Strefa opisu fizycznego [ , ]
    • a
    • Określenie formy książki i/lub objętość (NP)
    • 74, [2] s. ;
    • c
    • Format (NP)
    • 21 cm.
336 -Typ zawartości [ , ]
    • a
    • Termin opisujący typ zawartości
    • Tekst
    • b
    • Kod określający zawartość
    • txt
    • 2
    • Źródło (terminu i kodu)
    • rdacontent
337 -Typ mediów [ , ]
    • a
    • Tryb odtwarzania
    • Bez urządzenia pośredniczącego
    • b
    • Kod typu mediów
    • n
    • 2
    • Źródło (terminu i kodu)
    • rdamedia
338 -Typ/rodzaj nośnika [ , ]
    • a
    • Hasło opisujące typ nośnika
    • Wolumin
    • b
    • Kod typu nośnika
    • nc
    • 2
    • Źródło (terminu i kodu)
    • rdacarrier
490 -Strefa serii i książki wielotomowej - forma nie do wyszukiwania [1, ]
    • a
    • Tytuł (P)
    • Poetae Silesiae Find
830 -Hasło dodatkowe serii i opisu książki wielotomowej - tytuł ujednolicony/tytuł [ ,0]
    • a
    • Tytuł ujednolicony/tytuł (NP)
    • Poetae Silesiae
    • x
    • ISSN
    • 1899-945X
    • 9
    • KHW
    • 483338
500 -Uwaga ogólna [ , ]
    • a
    • Uwaga ogólna (NP)
    • Na s. red.: "Przekładu [z niem.] dokonali studenci Instytutu Filologii Germańskiej Uniwersytetu Wrocławskiego".
500 -Uwaga ogólna [ , ]
    • a
    • Uwaga ogólna (NP)
    • Oryg.: Klangholz : Erzählungen. Würzburg, 2001.
600 -Hasło przedmiotowe w formie nazwy osobowej [1,7]
    • a
    • Nazwa osobowa
    • Müller, Armin
    • d
    • Daty związane z nazwą
    • (1928-2005)
    • x
    • Określnik rzeczowy
    • krytyka i interpretacja.
    • 2
    • Źródło terminu
    • kaba
    • 9
    • KHW
    • 500964
655 -Hasło w funkcji tematu formalnego [ ,7]
    • a
    • Hasło
    • Nowele niemieckie
    • y
    • Określnik chronologiczny
    • 1990-
    • v
    • Określnik formy
    • tłumaczenia polskie.
    • 2
    • Źródło terminu
    • kaba
    • 9
    • KHW
    • 483406
700 -Hasło dodatkowe - nazwa osobowa [1, ]
    • a
    • Nazwa osobowa (NP)
    • Kowal, Grzegorz. Find
    • e
    • Określenie rodzaju współpracy
    • Oprac.
    • 9
    • KHW
    • 418592
710 -Hasło dodatkowe - nazwa ciała zbiorowego [2, ]
    • a
    • Nazwa ciała zbiorowego lub nazwa geograficzna jako pierwszy element (NP)
    • Oficyna Wydawnicza Atut, Wrocławskie Wydawnictwo Oświatowe.
    • 4
    • Kod relacji
    • pbl
    • 9
    • KHW
    • 65225
920 -ISBN [ , ]
    • a
    • ISBN
    • 978-83-7432-289-8 Find
Data inwentaryzacji Lokalizacja Numer inwentarzowy Status udost. Sygnatura
2019-03-13BMBC.12302-3Pol. Literatura niemiecka